000 00383nam a2200145 i 4500
001 64707
003 ES-MaACL
005 20230906165207.0
007 t|
008 040105s1970 sp ||||1| spa d
245 0 0 _aFormulario de medicamentos.
260 _a[Granada :
_bHospital de San Juan de Dios Sur,
_c1970]
300 _a95 h. ;
_c22 cm.
852 _aES-MaACL
_jC-45068
_bR.73089
999 _c64707
_d64707